[Event "Werther Schloss op-B 11th"]
[Site "Werther"]
[Date "2005.03.20"]
[Round "5"]
[White "Radde, Horst"]
[Black "Eichmann, Eduard"]
[Result "1/2-1/2"]
[WhiteElo "1762"]
[BlackElo "1856"]
[PlyCount "94"]
[EventDate "2005.03.18"]
[EventType "swiss"]
[EventRounds "5"]
[EventCountry "GER"]
[SourceTitle "EXT 2006"]
[Source "ChessBase"]
[SourceDate "2005.11.24"]
[SourceVersion "1"]
[SourceVersionDate "2005.11.24"]
[SourceQuality "1"]

1. d4 Nf6 2. c4 g6 3. Nc3 Bg7 4. e4 d6 5. f3 Nbd7 6. g4 e5 7. d5 a5 8. h4 h5 9. Bg5 Nc5 10. gxh5 Rxh5 11. Nge2 Rh7 12. Ng3 Bh6 13. Bxh6 Rxh6 14. Qd2 Rh7 15. 0-0-0 Nh5 16. Nxh5 Rxh5 17. Qf2 Bd7 18. Bh3 Bxh3 19. Rxh3 Qd7 20. Qg3 0-0-0 21. Qg4 Rdh8 22. Qg3 Qe7 23. Rdh1 Nd3+ 24. Kc2 Nf4 25. R3h2 R8h7 26. Qf2 b6 27. a3 g5 28. hxg5 Qxg5 29. Rxh5 Rxh5 30. Rxh5 Nxh5 31. b4 axb4 32. axb4 Nf4 33. Qf1 Qg2+ 34. Qxg2 Nxg2 35. Kd2 Kd7 36. Na4 Nh4 37. Ke2 f5 38. c5 dxc5 39. bxc5 fxe4 40. fxe4 bxc5 41. Nxc5+ Kd6 42. Nb7+ Kd7 43. Na5 Ng6 44. Kf3 Ke7 45. Kg4 Kd6 46. Nc6 Nf4 47. Kf5 Nxd5 1/2-1/2

[Event "Werther Schloss op-B 11th"]
[Site "Werther"]
[Date "2005.03.19"]
[Round "3"]
[White "Rackisch, Daniel"]
[Black "Eichmann, Eduard"]
[Result "0-1"]
[WhiteElo "1860"]
[BlackElo "1856"]
[PlyCount "80"]
[EventDate "2005.03.18"]
[EventType "swiss"]
[EventRounds "5"]
[EventCountry "GER"]
[SourceTitle "EXT 2006"]
[Source "ChessBase"]
[SourceDate "2005.11.24"]
[SourceVersion "1"]
[SourceVersionDate "2005.11.24"]
[SourceQuality "1"]

1. e4 c6 2. Nf3 d5 3. exd5 cxd5 4. Ne5 Nd7 5. d4 Ngf6 6. Bd3 g6 7. Nc3 a6 8. Bf4 Qb6 9. Bc1 Bg7 10. Nxd7 Bxd7 11. Ne2 0-0 12. c3 e5 13. dxe5 Ng4 14. 0-0 Nxe5 15. Nf4 Nxd3 16. Nxd3 d4 17. c4 Rfe8 18. Bf4 Bf5 19. b3 Re4 20. Qd2 Rae8 21. Rfe1 Rxe1+ 22. Rxe1 Rxe1+ 23. Nxe1 Qe6 24. Nf3 Qe4 25. h3 Bxh3 26. gxh3 Qxf3 27. Bg3 Qe4 28. Qa5 h6 29. Qd2 Kh7 30. Bf4 g5 31. Bd6 f5 32. f4 d3 33. Be5 gxf4 34. Bxf4 Bd4+ 35. Kh2 Qe2+ 36. Kh1 Qf1+ 37. Kh2 Bg1+ 38. Kg3 h5 39. Be3 Bxe3 40. Qxe3 f4+ 0-1